Normal view
MARC view
- Over-the-horizon radar
Entry Topical Term
001 - CONTROL NUMBER
- control field: 102631
003 - CONTROL NUMBER IDENTIFIER
- control field: NUST
005 - DATE AND TIME OF LATEST TRANSACTION
- control field: 20221115122607.0
008 - FIXED-LENGTH DATA ELEMENTS
- fixed length control field: 221115|| aca||aabn | a|a d
040 ## - CATALOGING SOURCE
- Original cataloging agency: NUST
- Transcribing agency: NUST
150 ## - HEADING--TOPICAL TERM
- Topical term or geographic name entry element: Over-the-horizon radar
670 ## - SOURCE DATA FOUND
- Source citation: Work cat.: (NUST)0: Fabrizio, Giuseppe Aureliano, author. 69552, High frequency over-the-horizon radar :
